Philippines' most militaristic church marks 150th year: (Record no. 14387)
[ view plain ]
| 000 -LEADER | |
|---|---|
| fixed length control field | 00521nam a2200121 4500 |
| 008 - FIXED-LENGTH DATA ELEMENTS--GENERAL INFORMATION | |
| fixed length control field | 190914b ||||| |||| 00| 0 eng d |
| 100 ## - MAIN ENTRY--PERSONAL NAME | |
| 9 (RLIN) | 39673 |
| Personal name | Sembrano, Edgar Allan M. |
| 245 ## - TITLE STATEMENT | |
| Title | Philippines' most militaristic church marks 150th year: |
| Remainder of title | The church of San Joaquin in Iloilo has a bas relief that depicts in 'moro-moro' dramatic idiom the battle of Tetuan/ |
| Statement of responsibility, etc. | Edgar Allan M. Sembrano. |
| 260 ## - PUBLICATION, DISTRIBUTION, ETC. (IMPRINT) | |
| Place of publication, distribution, etc. | Philippines: |
| Name of publisher, distributor, etc. | Philippine Daily Inquirer; |
| Date of publication, distribution, etc. | c2019. |
| 300 ## - PHYSICAL DESCRIPTION | |
| Extent | page C1. |
| 650 #0 - SUBJECT ADDED ENTRY--TOPICAL TERM | |
| 9 (RLIN) | 39674 |
| Topical term or geographic name as entry element | Religion. |
| 942 ## - ADDED ENTRY ELEMENTS (KOHA) | |
| Source of classification or shelving scheme | Dewey Decimal Classification |
| Koha item type | Periodicals |
| Withdrawn status | Lost status | Source of classification or shelving scheme | Damaged status | Not for loan | Collection code | Home library | Current library | Date acquired | Total Checkouts | Date last seen | Koha item type | Public note |
|---|---|---|---|---|---|---|---|---|---|---|---|---|
| Dewey Decimal Classification | Periodicals | UM Digos College - LIC | UM Digos College - LIC | 09/14/2019 | 09/14/2019 | Periodicals | Newspaper Clippings |
